| 000 | 00613cam a2200229 4500 | ||
|---|---|---|---|
| 001 | 2266748 | ||
| 005 | 20180224023425.0 | ||
| 008 | 691110s1969 mdua b 001 0 eng | ||
| 010 | _a 78082451 | ||
| 020 | _a0801810515 | ||
| 040 |
_aDLC _cDLC _dDLC |
||
| 041 | _aeng | ||
| 080 | _a616.858 | ||
| 082 | 0 | 0 | _a616.858 LIL |
| 100 | 1 | _a7 | |
| 101 | _aNEU | ||
| 245 | 1 | 0 |
_aEpidemiology of mongolism _c[by] Abraham M. Lilienfeld with the assistance of Charlotte H. Benesch. |
| 350 | _a7.00 | ||
| 504 | _aBibliography: p. 115-142. | ||
| 906 |
_a7 _bcbc _corignew _du _encip _f19 _gy-gencatlg |
||
| 942 |
_2ddc _cBK |
||
| 999 |
_c43336 _d43336 |
||